Αφιέρωμα εις Αλέξανδρον Ν. Τσιριντάνην
Saved in:
| Corporate Author: | |
|---|---|
| Format: | Book |
| Language: | Greek |
| Published: |
Αθήνα, Κομοτηνή :
Σάκκουλας,
1980
|
| Subjects: | |
| Tags: |
Add Tag
No Tags, Be the first to tag this record!
|
MARC
| LEADER | 00000nam a2200000 i 4500 | ||
|---|---|---|---|
| 001 | 1/48084 | ||
| 008 | 960312s1980 gre d | ||
| 035 | |l 10026610 | ||
| 040 | |a GR-MY-UA |b gre |e aacr | ||
| 041 | 0 | |a gre | |
| 082 | 0 | |a 340 | |
| 245 | 1 | 0 | |a Αφιέρωμα εις Αλέξανδρον Ν. Τσιριντάνην / |c Σύνδεσμος Ελλήνων Εμπορικολόγων |
| 260 | |a Αθήνα, Κομοτηνή : |b Σάκκουλας, |c 1980 | ||
| 300 | |a 660 σ. | ||
| 600 | 1 | 0 | |a Τσιριντάνης Αλέξανδρος Ν. |d 1903-1977. |
| 650 | 0 | 0 | |a Commercial law. |
| 650 | 0 | 0 | |a Law |z Greece. |
| 710 | 2 | |a Σύνδεσμος Ελλήνων Εμπορικολόγων. | |
| 852 | |a INST |b CHIOS |e 19960312 |h 340 ΑΦΙ |p 005200002690 |q 005200002690 |t BK |y 0 | ||
| 909 | |a Χ |b 029808 | ||